00362nam a2200145Ia 4500003000400000005001700004008004100021040000700062041001200069082001900081100001900100245005500119260003400174365000800208OSt20250808150850.0210423s9999 xx 000 0 und d cAL aEnglish a303.372 bDESP aAlfred Desouza aPromotion of social justiceb: justice in the word bIndian Social Institutec2021 cINR